| 000 | 00592 a2200193 4500 | ||
|---|---|---|---|
| 010 | _aENG-85345 | ||
| 020 |
_c750.00 _a8188689262 |
||
| 035 | _aEN-68878 | ||
| 037 | _bD.B.Act / Pub | ||
| 082 | 1 | 4 | _a582.13 |
| 090 |
_c2110 _d2110 |
||
| 100 | 1 | _aZomlefer, Wendy B. | |
| 245 | 1 |
_aGuide to flowring plant families _cby Wendy B. Zomlefer |
|
| 260 |
_aNew Delhi _bOverseas Press India _c2006 |
||
| 300 |
_aix, 430 p. _c28 cm (Pbk.) |
||
| 500 | _aIncludes index | ||
| 942 |
_adpl _cEN _k582.13 / ZOM |
||
| 999 |
_c2072 _d2072 |
||